| 000 | 00444nam a2200157 i 4500 | ||
|---|---|---|---|
| 001 | 135575 | ||
| 003 | ES-MaACL | ||
| 005 | 20230906194916.0 | ||
| 007 | t| | ||
| 008 | 070719s1951 it ||||1| ita d | ||
| 100 | 1 |
_aTorrente, Andrea. _9110844 |
|
| 245 | 1 | 0 |
_aGiurisprudenza sui contratti agrari / _cAndrea Torrente. |
| 260 |
_aMilano : _bA. Giuffré, _c1951. |
||
| 300 |
_a97 p. : _bil. ; _c25 cm. |
||
| 852 |
_aES-MaACL _j1664-F-18 _bR.31851 |
||
| 999 |
_c135575 _d135575 |
||